|
|
|
|
| LEADER |
00000nam a2200000 a 4500 |
| 001 |
UCG4730 |
| 003 |
CL-VaPUC |
| 008 |
101125e20050900MX |||||||||||||||||spa|d |
| 020 |
|
|
|a 9701508831
|
| 082 |
0 |
4 |
|a 621.4368
|b MAC
|2 21
|
| 100 |
|
|
|a Macián Martínez, Vicente
|e autor
|9 554170
|
| 700 |
0 |
|
|a Peidro Barrachina, Jorge
|e author
|9 554171
|
| 700 |
0 |
|
|a Tormos Martínez, Bernardo
|e author
|9 554172
|
| 700 |
0 |
|
|a Olmeda González, Pablo
|e author
|9 554173
|
| 245 |
1 |
0 |
|a Mantenimiento de motores diesel
|
| 250 |
|
|
|a 1a. ed
|
| 300 |
|
|
|a 161 p
|
| 942 |
|
|
|c BK
|
| 945 |
|
|
|d 20101125 00:00:00
|a mfarfan
|
| 260 |
|
|
|a Ciudad de México
|b Alfaomega
|c 2005
|
| 650 |
|
7 |
|a INYECTORES
|2 CL-VaPUC
|9 427356
|
| 650 |
|
7 |
|a MANTENIMIENTO Y REPARACION
|2 CL-VaPUC
|9 260850
|
| 650 |
|
0 |
|a Motores
|9 334293
|
| 650 |
|
0 |
|a Motores Diésel
|9 271572
|
| 583 |
|
|
|a last modification
|c 20101125 00:00:00
|k Rodrigo Vera
|
| 999 |
|
|
|c 343379
|d 343377
|